Statistics for NFL Team Cities - One Minute Sprint

Click here to take the quiz!

General Stats

  • This quiz has been taken 3,146 times
  • The average score is 15 of 32

Answer Stats

LocationTeam% Correct
New YorkGiants | Jets
79%
DallasCowboys
66%
MiamiDolphins
58%
New EnglandPatriots
56%
Los AngelesRams
56%
PhiladelphiaEagles
51%
Green BayPackers
50%
WashingtonRedskins
50%
SeattleSeahawks
49%
ChicagoBears
49%
HoustonTexans
48%
BuffaloBills
45%
DetroitLions
45%
DenverBroncos
44%
New OrleansSaints
43%
Tampa BayBuccaneers
42%
AtlantaFalcons
42%
OaklandRaiders
41%
San Francisco49ers
40%
JacksonvilleJaguars
39%
PittsburghSteelers
39%
ClevelandBrowns
39%
MinnesotaVikings
38%
CarolinaPanthers
38%
San DiegoChargers
38%
BaltimoreRavens
37%
Kansas CityChiefs
36%
ArizonaCardinals
31%
CincinnatiBengals
31%
IndianapolisColts
28%
TennesseeTitans
28%

Score Distribution

Percentile by Number Answered

Percent of People with Each Score

Your Score History

You have not taken this quiz